| 000 | 00750aam a2200289 4500 | ||
|---|---|---|---|
| 005 | 20231122114216.0 | ||
| 008 | 150720b2005 xxu||||| |||| 00| 0 spa d | ||
| 020 | _a9789701510957 | ||
| 041 | _aESP | ||
| 082 | _a629.892 S237e | ||
| 100 |
_aSantos Reyes, José _915387 |
||
| 100 |
_aDuro, Richard J. _915388 |
||
| 245 | _aEvolución artificial y robótica autónoma | ||
| 260 | _aEspañol | ||
| 260 | _bAlfaomega | ||
| 260 | _c2005 | ||
| 300 | _a229 páginas | ||
| 650 | _aROBÓTICA | ||
| 650 | _aINTELIGENCIA ARTIFICIAL | ||
| 650 | _aEVOLUCIÓN ARTIFICIAL | ||
| 650 | _aCONTROLADORES | ||
| 650 | _aARQUITECTURA DE INTERCONEXIÓN | ||
| 650 | _aESTRUCTURA DE CONTROL | ||
| 650 | _aSIMULACIÓN | ||
| 942 |
_cBK _2ddc |
||
| 999 |
_c1926 _d1926 |
||